Pekeliling Pentadbiran Ibu Pejabat

Bibliographic Details
Format: Book
Subjects:

MARC

LEADER 00000cam a2200000 7i4500
001 0000006754
005 20000211.0
040 |a INS 
090 0 0 |a C9 
245 0 0 |a Pekeliling Pentadbiran Ibu Pejabat 
650 0 0 |a Sistem Kerajaan - Pekeliling dan lain-lain 
999 |a C000000021   |b BOOK   |c Course Notes   |e Default branch 
999 |a C000001620   |b BOOK   |c Course Notes   |e Default branch